| 000 | 00371nam a2200145Ia 4500 | ||
|---|---|---|---|
| 008 | 230312s9999||||xx |||||||||||||| ||und|| | ||
| 020 | _a1-4557-2613-4 | ||
| 082 |
_a616.07 _bVIN-R |
||
| 100 | _aKumar;Vinay | ||
| 245 | 0 | _aRobbins and Cotran:Pathologic Basis of Disease | |
| 260 |
_bElsevier _aCanada _c2015 |
||
| 300 | _a1389 | ||
| 650 |
_aMedical _vPathology |
||
| 942 | _cBK | ||
| 999 |
_c3405 _d3405 |
||